000 01215cam a22001815a 4500
001 L156368
008 120515s1828 xxk f 000 0 eng d
035 _a(Sirsi) u156368
041 0 _aeng
100 1 _aElsam, Richard
245 0 4 _aThe practical builder's perpetual price-book
_belucidating the principles of ascertaining the correct average value of the different artificer's works usually employed in building; with cursory observations on the customs of measuring in the various parts of the United Kingdom, in reference to the recent act for establishing uniformity in weights and measures
_cBy Richard Elsam, Esq., architect and surveyor, assisted by the most eminent professors in the art of building. To which is attached, an appendix, comprehending the substance of every clause in the building act; with information of the utmost importance to the practical builder, not only in the metropolis, but in every part of Great Britain and Ireland
260 _aLondon
_bPrinted for T. Kelly by J. Rider
_c1828
300 _ax, 180 p.
_bplans
_c25 cm.
583 _aCondition reviewed
_c20120620
_lcondition level 2
651 4 _aGreat Britain
_y1707-
690 _aConstruction management
_96230
942 _n0
999 _c114214
_d114214